[Event "DLM 2009"]
[Site "Wismar GER"]
[Date "2009.09.30"]
[Round "1"]
[White "Müller, Denis"]
[Black "Kelbling, Philipp"]
[Result "0-1"]
[Termination "normal"]
[Board "4.2"]
[WhiteElo "1922"]
[BlackElo "2116"]
[WhiteTeam "Saarland"]
[BlackTeam "Nordrhein-Westfalen"]
[PlyCount "68"]
[WhiteFideId "4696140"]
[BlackFideId "24669750"]
[EventCountry "GER"]
[EventRounds "7"]
[EventType "team-swiss"]
[EventDate "2009.09.29"]

1. e4 c5 2. Nf3 Nc6 3. d4 cxd4 4. Nxd4 d6 5. c4 g6 6. Nc3 Bg7 7. Be3 Nf6 8. Be2
O-O 9. O-O Bd7 10. Qd2 Ng4 11. Bxg4 Bxg4 12. Rac1 Bd7 13. Rfd1 Ne5 14. b3 Ng4
15. Bg5 f6 16. Be3 Nxe3 17. Qxe3 Qa5 18. Rc2 Qh5 19. Nde2 f5 20. exf5 Bxf5 21.
Rcd2 Bh6 22. f4 Bg4 23. h3 Bxe2 24. Nxe2 e5 25. Rxd6 exf4 26. Qe6+ Kh8 27. R1d5
Qh4 28. Rd7 Rae8 29. Qg4 Qxg4 30. hxg4 Rxe2 31. Rxb7 f3 32. gxf3 Rxf3 33. Rdd7
Be3+ 34. Kh1 Rf1# 0-1

[Event "DLM 2009"]
[Site "Wismar GER"]
[Date "2009.09.30"]
[Round "1"]
[White "Kartsev, Alexandr"]
[Black "Grewenig, Jan"]
[Result "1-0"]
[Termination "normal"]
[Board "4.3"]
[WhiteElo "2056"]
[BlackElo "1881"]
[WhiteTeam "Nordrhein-Westfalen"]
[BlackTeam "Saarland"]
[PlyCount "109"]
[WhiteFideId "24647110"]
[BlackFideId "4657330"]
[EventCountry "GER"]
[EventRounds "7"]
[EventType "team-swiss"]
[EventDate "2009.09.29"]

1. d4 Nf6 2. Bg5 e6 3. e4 Be7 4. e5 Nd5 5. Bxe7 Qxe7 6. c4 Nb6 7. Nd2 d6 8.
Ngf3 dxe5 9. dxe5 Nc6 10. Bd3 Nd7 11. Qe2 Qb4 12. O-O Qxb2 13. Rfb1 Qa3 14. Be4
Qa6 15. Rb5 Ne7 16. Qe3 c6 17. Rb3 Qa5 18. Bc2 Qc7 19. Qg5 Ng6 20. Re1 Nc5 21.
Rbe3 b6 22. h4 Rg8 23. h5 h6 24. Qg4 Nf8 25. Ne4 Nxe4 26. Rxe4 Bb7 27. Rd4 Nd7
28. Bh7 Rf8 29. Qxg7 O-O-O 30. Rf4 f6 31. Qxh6 Rh8 32. Qg7 Nxe5 33. Qxc7+ Kxc7
34. Nxe5 Rxh7 35. Rxf6 Rxh5 36. Rxe6 c5 37. Re7+ Kc8 38. Nf7 Rd7 39. Rxd7 Kxd7
40. f3 Rf5 41. Rd1+ Kc6 42. Nd8+ Kc7 43. Nxb7 Kxb7 44. Kf2 Kc6 45. g4 Rf7 46.
Kg3 b5 47. cxb5+ Kxb5 48. f4 Kb4 49. g5 Kc3 50. Rc1+ Kd4 51. Kg4 c4 52. g6 Rb7
53. f5 c3 54. f6 Kd3 55. g7 1-0

[Event "DLM 2009"]
[Site "Wismar GER"]
[Date "2009.09.30"]
[Round "1"]
[White "Frischmann, Rick"]
[Black "Blübaum, Johanna"]
[Result "1-0"]
[Termination "normal"]
[Board "4.4"]
[WhiteElo "1846"]
[BlackElo "2024"]
[WhiteTeam "Saarland"]
[BlackTeam "Nordrhein-Westfalen"]
[PlyCount "37"]
[WhiteFideId "24660752"]
[BlackFideId "24647373"]
[EventCountry "GER"]
[EventRounds "7"]
[EventType "team-swiss"]
[EventDate "2009.09.29"]

1. e4 e6 2. d4 d5 3. Nd2 Nf6 4. e5 Nfd7 5. f4 c5 6. c3 Nc6 7. Ndf3 Qa5 8. Ne2
cxd4 9. Nexd4 Be7 10. Bd3 Nc5 11. Bc2 Nxd4 12. Nxd4 Qc7 13. O-O Bd7 14. Be3 h5
15. Qe2 O-O-O 16. b4 Na4 17. Bxa4 Bxa4 18. Nb3 b6 19. Qa6+ 1-0

[Event "DLM 2009"]
[Site "Wismar GER"]
[Date "2009.09.30"]
[Round "1"]
[White "Pauly, Carlo"]
[Black "Sonnhalter, Stella"]
[Result "1-0"]
[Termination "normal"]
[Board "4.5"]
[WhiteElo "2032"]
[BlackElo "1746"]
[WhiteTeam "Nordrhein-Westfalen"]
[BlackTeam "Saarland"]
[PlyCount "69"]
[WhiteFideId "24673269"]
[BlackFideId "4624815"]
[EventCountry "GER"]
[EventRounds "7"]
[EventType "team-swiss"]
[EventDate "2009.09.29"]

1. c4 c5 2. g3 Nf6 3. Bg2 d5 4. cxd5 Nxd5 5. Nc3 Nc7 6. Nf3 Nc6 7. O-O e5 8. d3
Be7 9. b3 O-O 10. Bb2 f6 11. Rc1 Be6 12. Nd2 Qd7 13. a3 Rac8 14. Na4 b6 15. b4
Nd4 16. e3 Ne2+ 17. Qxe2 Qxa4 18. bxc5 bxc5 19. f4 Qb5 20. Nc4 exf4 21. gxf4
Rfd8 22. e4 Rb8 23. Ba1 Qd7 24. f5 Bf7 25. Rcd1 Rb3 26. e5 Bd5 27. Be4 Nb5 28.
Nd6 Bxe4 29. dxe4 Nxd6 30. exd6 Bxd6 31. Rxd6 Qxd6 32. Qc4+ Kf8 33. Qxb3 Qd2
34. Qc3 Qd6 35. e5 1-0

[Event "DLM 2009"]
[Site "Wismar GER"]
[Date "2009.09.30"]
[Round "1"]
[White "Schmitt, Carsten"]
[Black "Karmann, Anna"]
[Result "0-1"]
[Termination "normal"]
[Board "4.6"]
[WhiteElo "1588"]
[BlackElo "1914"]
[WhiteTeam "Saarland"]
[BlackTeam "Nordrhein-Westfalen"]
[PlyCount "54"]
[WhiteFideId "24661040"]
[BlackFideId "24648000"]
[EventCountry "GER"]
[EventRounds "7"]
[EventType "team-swiss"]
[EventDate "2009.09.29"]

1. d4 {[%emt 0:00:00]} Nf6 2. Nf3 e6 3. c4 b6 4. a3 Bb7 5. Nc3 d5 6. e3 Be7 7.
Bd2 O-O 8. Rc1 a6 9. Qc2 Nbd7 10. cxd5 exd5 11. Bd3 Re8 12. O-O Bd6 13. h3 Ne4
14. Be1 Ndf6 15. Nd2 Qe7 16. Ndxe4 Nxe4 17. Bd2 Qg5 18. Nxe4 dxe4 19. Be2 Bc8
20. f4 Qg3 21. Kh1 Bxh3 22. gxh3 Qxh3+ 23. Kg1 Qg3+ 24. Kh1 Re6 25. Qd1 Rg6 26.
Rf2 Qxf2 27. Qf1 Qh4+ 0-1

[Event "DLM 2009"]
[Site "Wismar GER"]
[Date "2009.09.30"]
[Round "1"]
[White "Wolff, Christopher"]
[Black "Brühan, Caren"]
[Result "1-0"]
[Termination "normal"]
[Board "4.7"]
[WhiteElo "1808"]
[BlackElo "1291"]
[WhiteTeam "Nordrhein-Westfalen"]
[BlackTeam "Saarland"]
[PlyCount "67"]
[BlackFideId "24691976"]
[EventCountry "GER"]
[EventRounds "7"]
[EventType "team-swiss"]
[EventDate "2009.09.29"]

1. e4 c5 2. Nf3 Nf6 3. Nc3 d5 4. exd5 Nxd5 5. Bb5+ Bd7 6. Bxd7+ Qxd7 7. O-O Nc6
8. Re1 f6 9. Nh4 O-O-O 10. Nxd5 Qxd5 11. c3 e5 12. Qb3 Qxb3 13. axb3 h5 14. f4
exf4 15. Ng6 Rh6 16. Nxf4 g5 17. Ne6 Re8 18. Kf1 Kd7 19. Nxf8+ Rxf8 20. d4 cxd4
21. cxd4 a6 22. d5 Ne7 23. Ra5 Rh7 24. Bd2 Ra8 25. Rd1 b6 26. Ra4 Rf7 27. Be3
Nc8 28. Rc4 Re7 29. Bd4 Ra7 30. Rdc1 Kd6 31. Rxc8 Kxd5 32. Rd8+ Ke6 33. Rc6+
Kf5 34. Rxf6+ 1-0

[Event "DLM 2009"]
[Site "Wismar GER"]
[Date "2009.09.30"]
[Round "1"]
[White "Hess, Sophie"]
[Black "Bork, Sophie"]
[Result "1/2-1/2"]
[Termination "normal"]
[Board "4.8"]
[WhiteElo "970"]
[BlackElo "1181"]
[WhiteTeam "Saarland"]
[BlackTeam "Nordrhein-Westfalen"]
[PlyCount "138"]
[WhiteFideId "12905461"]
[BlackFideId "12905429"]
[EventCountry "GER"]
[EventRounds "7"]
[EventType "team-swiss"]
[EventDate "2009.09.29"]

1. e4 {[%emt 0:00:00]} e5 {[%emt 0:00:19]} 2. Nf3 Nf6 3. Nc3 Bb4 4. Bd3 O-O 5.
O-O d6 6. h3 Be6 7. a3 Bxc3 8. bxc3 Nc6 9. Qe2 Qd7 10. Kh2 Nh5 11. Bc4 Nf4 12.
Bxe6 Qxe6 13. Qd1 f5 14. d4 {[%emt 0:00:00]} fxe4 {[%emt 0:00:38]} 15. Ne1 d5
16. Bxf4 exf4 17. c4 Qd6 18. Kg1 Rf6 19. c5 Qe6 20. f3 Rg6 21. Kh1 e3 22. Qc1
Rf8 23. Rg1 Rf5 24. Nd3 Rgf6 25. Kh2 Rh5 26. Rb1 b6 27. cxb6 cxb6 28. Ra1 Ne7
29. a4 Ng6 30. Rh1 Nh4 31. Kg1 Rg5 32. Qf1 e2 33. Qf2 Qe3 34. g4 Qxf2+ 35. Kxf2
Re6 36. Nxf4 Rf6 37. Kg3 h6 38. c3 Kf8 39. Kxh4 Rxf4 40. Kg3 Rf7 41. Rae1 Rc7
42. Rxe2 Rxc3 43. Ra2 Rd3 44. h4 Rg6 45. a5 bxa5 46. Rxa5 Rf6 47. Rf1 Rxd4 48.
Rxa7 Rd6 49. Rb1 Ke8 50. Re1+ Kd8 51. Rxg7 Rc4 52. Rd1 d4 53. Kf2 Rc2+ 54. Kf1
d3 55. Ra7 Ke8 56. Ra3 d2 57. Raa1 Kf7 58. Ke2 Kg6 59. Ra3 h5 60. g5 Rd4 61.
Rd3 Rxh4 62. R3xd2 Rxd2+ 63. Rxd2 Rh2+ 64. Ke3 Rxd2 65. Kxd2 Kxg5 66. Ke2 Kf4
67. Kf2 h4 68. Kg2 h3+ 69. Kxh3 Kxf3 1/2-1/2

[Event "DLM 2009"]
[Site "Wismar GER"]
[Date "2009.09.30"]
[Round "1"]
[White "Lehmann, Ruben"]
[Black "Grünter, Martin"]
[Result "0-1"]
[Termination "normal"]
[Board "5.1"]
[WhiteElo "1846"]
[BlackElo "2151"]
[WhiteTeam "Mecklenburg-Vorpommern 2"]
[BlackTeam "Rheinland-Pfalz"]
[PlyCount "66"]
[WhiteFideId "24671177"]
[BlackFideId "24640352"]
[EventCountry "GER"]
[EventRounds "7"]
[EventType "team-swiss"]
[EventDate "2009.09.29"]

1. d4 Nf6 2. c4 e6 3. Nf3 c5 4. d5 b5 5. Bg5 exd5 6. cxd5 d6 7. Nc3 a6 8. g3
Be7 9. Bg2 O-O 10. O-O Bb7 11. Nh4 h6 12. Bxf6 Bxf6 13. Nf5 Bc8 14. Qc2 Re8 15.
Ne3 Bd4 16. Ncd1 Qf6 17. a4 Bd7 18. axb5 Bxb5 19. Nc3 Nd7 20. Ra5 Qe5 21. Nxb5
axb5 22. Rxa8 Rxa8 23. Nd1 Qe7 24. e3 Bf6 25. Nc3 b4 26. Ne4 Nb6 27. b3 Ra3 28.
Nd2 Qe5 29. Nc4 Nxc4 30. Qxc4 g6 31. Rb1 Kg7 32. Bf1 Ra2 33. Rc1 Qb2 0-1

[Event "DLM 2009"]
[Site "Wismar GER"]
[Date "2009.09.30"]
[Round "1"]
[White "Hastrich, Julian"]
[Black "Wolf, Christoph"]
[Result "1/2-1/2"]
[Termination "normal"]
[Board "5.2"]
[WhiteElo "2147"]
[BlackElo "1963"]
[WhiteTeam "Rheinland-Pfalz"]
[BlackTeam "Mecklenburg-Vorpommern 2"]
[PlyCount "40"]
[WhiteFideId "24633151"]
[BlackFideId "24650633"]
[EventCountry "GER"]
[EventRounds "7"]
[EventType "team-swiss"]
[EventDate "2009.09.29"]

1. e4 c5 2. Nc3 Nc6 3. g3 g6 4. Bg2 Bg7 5. d3 d6 6. f4 e6 7. Nf3 Nge7 8. O-O
O-O 9. Be3 Nd4 10. e5 Nef5 11. Bf2 Nxf3+ 12. Qxf3 Nd4 13. Qd1 dxe5 14. fxe5
Bxe5 15. Ne4 f5 16. Nxc5 Qd6 17. Nxb7 Bxb7 18. Bxb7 Rab8 19. Bg2 Rxb2 20. Kh1
f4 1/2-1/2

[Event "DLM 2009"]
[Site "Wismar GER"]
[Date "2009.09.30"]
[Round "1"]
[White "Weber, Max"]
[Black "Stahnecker, Ludwig"]
[Result "0-1"]
[Termination "normal"]
[Board "5.3"]
[WhiteElo "1894"]
[BlackElo "1951"]
[WhiteTeam "Mecklenburg-Vorpommern 2"]
[BlackTeam "Rheinland-Pfalz"]
[PlyCount "52"]
[WhiteFideId "4624831"]
[BlackFideId "24692026"]
[EventCountry "GER"]
[EventRounds "7"]
[EventType "team-swiss"]
[EventDate "2009.09.29"]

1. d4 d5 2. Nf3 Nf6 3. e3 Bg4 4. c4 e6 5. Bd3 c6 6. O-O Bd6 7. Nbd2 O-O 8. Qc2
Nbd7 9. b3 e5 10. dxe5 Nxe5 11. Nxe5 Bxe5 12. Bb2 Bxb2 13. Qxb2 dxc4 14. Bxc4
b5 15. f3 bxc4 16. fxg4 cxb3 17. Nxb3 Nxg4 18. Qe2 Qg5 19. Rf4 Ne5 20. Rc1 Rfe8
21. Rd4 Rac8 22. Qf2 Ng6 23. Rd7 f6 24. Rxa7 Rxe3 25. Nd4 Rce8 26. Nf3 Rxf3 0-1

[Event "DLM 2009"]
[Site "Wismar GER"]
[Date "2009.09.30"]
[Round "1"]
[White "Remy, Janina"]
[Black "Schreiber, Kevin"]
[Result "1-0"]
[Termination "normal"]
[Board "5.4"]
[WhiteElo "2004"]
[BlackElo "1593"]
[WhiteTeam "Rheinland-Pfalz"]
[BlackTeam "Mecklenburg-Vorpommern 2"]
[PlyCount "41"]
[WhiteFideId "24627348"]
[BlackFideId "24655830"]
[EventCountry "GER"]
[EventRounds "7"]
[EventType "team-swiss"]
[EventDate "2009.09.29"]

1. e4 {[%emt 0:00:00]} c5 2. Nc3 Nc6 3. Bb5 a6 4. Bxc6 bxc6 5. d3 g6 6. Nf3 Bg7
7. O-O d6 8. Bd2 Bg4 9. h3 Bxf3 10. Qxf3 Qb6 11. Rab1 Nf6 12. Rfe1 Nd7 13. Qe2
O-O 14. b3 Rae8 15. Rbd1 f5 16. exf5 Rxf5 17. Qe6+ Kh8 18. Qxd7 Ref8 19. Na4
Qb8 20. Rxe7 Bd4 21. Bc3 1-0

[Event "DLM 2009"]
[Site "Wismar GER"]
[Date "2009.09.30"]
[Round "1"]
[White "Siegert, Gregor"]
[Black "Yankelevich, Lev"]
[Result "0-1"]
[Termination "normal"]
[Board "5.5"]
[WhiteElo "1435"]
[BlackElo "1943"]
[WhiteTeam "Mecklenburg-Vorpommern 2"]
[BlackTeam "Rheinland-Pfalz"]
[PlyCount "112"]
[WhiteFideId "1271250"]
[BlackFideId "24684074"]
[EventCountry "GER"]
[EventRounds "7"]
[EventType "team-swiss"]
[EventDate "2009.09.29"]

1. e4 {[%emt 0:00:00]} Nf6 2. e5 Nd5 3. c4 Nb6 4. d4 d6 5. f4 dxe5 6. fxe5 Bf5
7. Nc3 e6 8. Nf3 Bb4 9. Be3 h6 10. Be2 Na6 11. a3 Bxc3+ 12. bxc3 Rc8 13. O-O
O-O 14. Qd2 Kh7 15. Rfd1 Be4 16. Bd3 Bxd3 17. Qxd3+ Kg8 18. a4 Qe7 19. a5 Nd7
20. Rab1 Rfd8 21. Qe4 b6 22. Qb7 Nab8 23. Ra1 bxa5 24. Rxa5 Nb6 25. Qe4 Nxc4
26. Rxa7 Nd7 27. Rb1 Ndb6 28. Nd2 Nxe3 29. Qxe3 Nd5 30. Qf3 Qg5 31. Ne4 Qf5 32.
Qxf5 exf5 33. Ng3 Nxc3 34. Rb3 f4 35. Rxc3 fxg3 36. hxg3 Rxd4 37. Rcxc7 Rxc7
38. Rxc7 Re4 39. Rc8+ Kh7 40. Re8 f6 41. e6 Kg6 42. Kf2 f5 43. Kf3 Kf6 44. Rf8+
Kxe6 45. Re8+ Kf6 46. Rxe4 fxe4+ 47. Kxe4 Kg5 48. Kf3 h5 49. g4 hxg4+ 50. Kg3
g6 51. Kh2 Kf4 52. Kg1 Kg3 53. Kf1 Kh2 54. g3 {[%emt 0:00:00]} Kxg3 { [%emt
0:00:13]} 55. Kg1 Kf3 56. Kf1 g3 0-1

[Event "DLM 2009"]
[Site "Wismar GER"]
[Date "2009.09.30"]
[Round "1"]
[White "Zimmer, Ketsarin"]
[Black "Wulf, Constanze"]
[Result "1-0"]
[Termination "normal"]
[Board "5.6"]
[WhiteElo "1728"]
[BlackElo "1276"]
[WhiteTeam "Rheinland-Pfalz"]
[BlackTeam "Mecklenburg-Vorpommern 2"]
[PlyCount "47"]
[WhiteFideId "4696182"]
[BlackFideId "24692379"]
[EventCountry "GER"]
[EventRounds "7"]
[EventType "team-swiss"]
[EventDate "2009.09.29"]

1. e4 c5 2. d4 cxd4 3. c3 dxc3 4. Nxc3 Nc6 5. Nf3 g6 6. Bc4 Bg7 7. O-O d6 8.
Qe2 Bg4 9. Bxf7+ Kxf7 10. Ng5+ Ke8 11. Qxg4 Nd4 12. Be3 h6 13. Bxd4 Bxd4 14.
Ne6 Qb6 15. Nd5 Qxb2 16. Qxg6+ Kd7 17. Rac1 Bb6 18. Nxb6+ Qxb6 19. Rfd1 Nf6 20.
Nc5+ Kd8 21. e5 Ne8 22. Qf5 Qb5 23. Ne6+ Kd7 24. Nd4+ 1-0

[Event "DLM 2009"]
[Site "Wismar GER"]
[Date "2009.09.30"]
[Round "1"]
[White "Richter, Jannina"]
[Black "Bohrmann, Sandra"]
[Result "1/2-1/2"]
[Termination "normal"]
[Board "5.7"]
[WhiteElo "1161"]
[BlackElo "1579"]
[WhiteTeam "Mecklenburg-Vorpommern 2"]
[BlackTeam "Rheinland-Pfalz"]
[PlyCount "88"]
[BlackFideId "12905437"]
[EventCountry "GER"]
[EventRounds "7"]
[EventType "team-swiss"]
[EventDate "2009.09.29"]

1. e4 e5 2. Bc4 Nf6 3. d3 Bc5 4. Nc3 d6 5. Bg5 Be6 6. Bb3 Nc6 7. Nd5 Bxd5 8.
Bxd5 Qe7 9. Bxc6+ bxc6 10. Qf3 Qe6 11. Bxf6 Qxf6 12. Qxf6 gxf6 13. Ne2 Rb8 14.
Rb1 d5 15. O-O Rg8 16. Kh1 Kd7 17. f4 Ke6 18. f5+ Kd7 19. Ng3 Rg5 20. Ne2 Rbg8
21. g3 h5 22. Rbd1 h4 23. Kg2 hxg3 24. hxg3 Kd6 25. Kf3 Rh5 26. Rh1 Rgh8 27.
Rxh5 Rxh5 28. Kg2 Rg5 29. Rh1 Rg8 30. Rh6 Ke7 31. Kf3 Rd8 32. g4 dxe4+ 33. Kxe4
Rd6 34. Rh8 Rd8 35. Rxd8 Kxd8 36. Nc1 Ke7 37. Nb3 Kd6 38. Nd2 Bb6 39. Nf1 a6
40. Ng3 a5 41. a4 Bf2 42. Nh5 Ke7 43. c3 Bc5 44. Kf3 Bd6 1/2-1/2

[Event "DLM 2009"]
[Site "Wismar GER"]
[Date "2009.09.30"]
[Round "1"]
[White "Schwarz, Larissa"]
[Black "Wagner, Swenja"]
[Result "1-0"]
[Termination "normal"]
[Board "5.8"]
[WhiteElo "1391"]
[BlackElo "845"]
[WhiteTeam "Rheinland-Pfalz"]
[BlackTeam "Mecklenburg-Vorpommern 2"]
[PlyCount "61"]
[WhiteFideId "24699004"]
[BlackFideId "12900494"]
[EventCountry "GER"]
[EventRounds "7"]
[EventType "team-swiss"]
[EventDate "2009.09.29"]

1. e4 {[%emt 0:00:00]} e5 {[%emt 0:00:00]} 2. Nf3 Nc6 3. d4 f6 4. Nc3 Bb4 5.
Bc4 Nge7 6. O-O Bxc3 7. bxc3 d5 8. exd5 Nxd5 9. Bxd5 Qxd5 10. dxe5 Qxd1 11.
Rxd1 fxe5 12. Re1 O-O 13. Nxe5 Nxe5 14. Rxe5 Rd8 15. Bf4 Kf7 16. Rae1 b6 17.
Re7+ Kf8 18. Rxc7 Re8 19. Rxe8+ Kxe8 20. Rxg7 Ba6 21. Rg8+ Kd7 22. Rxa8 Kc6 23.
Rxa7 Bc4 24. Rc7+ Kd5 25. Rxh7 b5 26. Be3 Bxa2 27. f4 Bb1 28. Rd7+ Ke6 29. Rd2
Kf5 30. Rd5+ Ke4 31. Re5# 1-0